[Event "Mallorca-ch U18"]
[Site "Mallorca"]
[Date "2019.04.21"]
[Round "4"]
[White "Pons Vinent, Angel"]
[Black "Garcia Feore, Daniel James"]
[Result "1-0"]
[WhiteElo "1746"]
[BlackElo "1511"]
[PlyCount "83"]
[EventDate "2019.04.19"]
[EventType "swiss"]
[EventRounds "5"]
[EventCountry "ESP"]
[SourceTitle "EXT 2024"]
[Source "ChessBase"]
[SourceDate "2023.10.10"]
[SourceVersion "1"]
[SourceVersionDate "2023.10.10"]
[SourceQuality "1"]

1. e4 e5 2. Bc4 Nf6 3. Nf3 Nc6 4. Ng5 d5 5. exd5 Na5 6. Bb5+ c6 7. dxc6 bxc6 8. Bd3 Bc5 9. Ne4 Bb6 10. Nxf6+ Qxf6 11. 0-0 Nb7 12. Nc3 Nc5 13. Ne4 Nxe4 14. Bxe4 Bf5 15. Qf3 Bxe4 16. Qxe4 Rd8 17. c3 0-0 18. d3 Rd6 19. Be3 Rfd8 20. Rfd1 Bxe3 21. Qxe3 Qf5 22. Qxa7 Rxd3 23. Rxd3 Qxd3 24. h3 h6 25. Qb6 Qd6 26. Qe3 Qd5 27. b3 f6 28. c4 Qa5 29. a4 Rd4 30. Qe1 Qb6 31. Qc3 c5 32. a5 Qa6 33. Ra2 Qd6 34. a6 Qc6 35. a7 Rd8 36. Qa5 Ra8 37. Rd2 Qc8 38. Rd5 Kh7 39. Rxc5 Qd7 40. Rd5 Qxa7 41. Qxa7 Rxa7 42. b4 1-0

[Event "Benidorm New Generation U14 11th"]
[Site "Benidorm"]
[Date "2015.12.07"]
[Round "5.4"]
[White "Pons Vinent, Angel"]
[Black "Del Noval Nemeshazi, Nesztor"]
[Result "0-1"]
[WhiteElo "1499"]
[BlackElo "1882"]
[PlyCount "108"]
[EventDate "2015.12.04"]
[EventType "swiss"]
[EventRounds "7"]
[EventCountry "ESP"]
[SourceTitle "EXT 2024"]
[Source "ChessBase"]
[SourceDate "2023.10.10"]
[SourceVersion "1"]
[SourceVersionDate "2023.10.10"]
[SourceQuality "1"]

1. e4 c5 2. Nf3 d6 3. d4 cxd4 4. Nxd4 Nf6 5. Nc3 a6 6. Be2 e6 7. Be3 b5 8. a3 Bb7 9. Bd3 Nbd7 10. 0-0 Be7 11. b4 Rc8 12. Qd2 0-0 13. f3 Ne5 14. Rac1 d5 15. exd5 Nxd5 16. Nxd5 Bxd5 17. Be2 Nc4 18. Bxc4 Rxc4 19. c3 Qc7 20. Ne2 Rd8 21. Bd4 e5 22. Bf2 Bxf3 23. Qe3 Bxe2 24. Qxe2 Rxc3 25. Rxc3 Qxc3 26. Bb6 Rd2 27. Qe4 g6 28. Qa8+ Kg7 29. Qe8 Bf6 30. Bc5 Rd8 31. Qc6 e4 32. Qxe4 Bd4+ 33. Kh1 Bxc5 34. bxc5 Qxc5 35. Qb7 Qc4 36. Qf3 Rd6 37. h3 a5 38. Rf2 b4 39. axb4 axb4 40. Qg3 Rd1+ 41. Kh2 Qd4 42. Qf3 Qd6+ 43. g3 Qd5 44. Qf6+ Kg8 45. Rg2 Rd2 46. Rxd2 Qxd2+ 47. Kh1 Qc3 48. Qd8+ Kg7 49. Qb6 b3 50. Kg2 b2 51. h4 Qc2+ 52. Kh3 Qf5+ 53. g4 Qd3+ 54. Kg2 b1Q 0-1